Natural rubber/polybutadiene blends in truck tyre precured retreading (Record no. 63659)

MARC details
000 -LEADER
fixed length control field 00472nam a2200157Ia 4500
100 ## - MAIN ENTRY--AUTHOR NAME
Personal name Chai L P
245 #0 - TITLE STATEMENT
Title Natural rubber/polybutadiene blends in truck tyre precured retreading
260 ## - PUBLICATION, DISTRIBUTION, ETC. (IMPRINT)
Name of publisher Proceedings of the International Rubber Technology Conference, Malaysia 1988; p492-510
650 ## - SUBJECT ADDED ENTRY--TOPICAL TERM
Topical Term Truck tyre
700 ## - ADDED ENTRY--PERSONAL NAME
Personal name Hassshim S
700 ## - ADDED ENTRY--PERSONAL NAME
Personal name Newell R
700 ## - ADDED ENTRY--PERSONAL NAME
Personal name Othman S
700 ## - ADDED ENTRY--PERSONAL NAME
Personal name Sang S T M
942 ## - ADDED ENTRY ELEMENTS (KOHA)
Koha item type Journals
Holdings
Withdrawn status Lost status Damaged status Not for loan Home library Current library Shelving location Date acquired Koha item type
      Journals RRII Library RRII Library Rubber chemistry 17/12/2021 Journals